Chińska imigracja według państw - Statystyki

Ogólne statystyki
  • Ten quiz został rozwiązany 148 razy
  • Średni wynik to 14 z 19
Statystyki odpowiedzi
Ludzie Państwo % Poprawnych
28 508 Rosja
99%
9 692 Indie
94%
19 608 Stany Zjednoczone
93%
175 504 Korea Południowa
92%
48 552 Indonezja
86%
18 852 Tajlandia
86%
27 802 Wietnam
86%
20 600 Laos
82%
19 660 Mongolia
82%
14 500 Kazachstan
79%
39 900 Nepal
77%
79 436 Filipiny
75%
19 000 Kambodża
75%
81 770 Mjanma
74%
9 156 Malezja
72%
10 000 Meksyk
65%
18 196 Brazylia
64%
13 056 Peru
18%
27 500 Wenezuela
17%
Nie znaleziono quizów pasujących do podanych kryteriów
Rozkład punktacji
Procent ludzi z każdym wynikiem
Percentyl według liczby udzielonych odpowiedzi
Twoja historia wyników
Nie rozwiązałeś tego quizu